000 00675nam a2200277Ia 4500
005 20260324112707.0
008 008 260324s9999 xx 000 0 eng d
020 _a9781003448891
037 _aEBOOK
040 _aCRL
040 _beng
040 _cCRL
041 _2eng
041 _aeng
084 _qCRL
100 _aWayne O'Brien
_91143762
245 0 _aModel-Driven Software Systems Development Using the Meta-Artifact Process
260 _bTaylor and Francis
260 _c2024
365 _a
365 _b320
856 _uhttp://www.taylorfrancis.com/books/9781003448891
942 _cEBOOK
999 _c1733066
_d1733066